[Event "Bad Woerishofen 2017 - Senioren"]
[Site "Bad Woerishofen"]
[Date "2017.03.16"]
[Round "8.26"]
[White "Korth, Manfred"]
[Black "Hager, Eberhard"]
[Result "1-0"]
[WhiteElo "1929"]
[BlackElo "1730"]
[Annotator "chessorg"]
[PlyCount "69"]
[EventDate "2017.??.??"]
[WhiteTeam "SC Heideck-Hilpoltstein"]
[BlackTeam "SC Friedberg"]

1. d3 d5 2. c3 Nf6 3. Qc2 e6 4. e4 dxe4 5. dxe4 c6 6. Be2 Nbd7 7. Bg5 Be7 8.
Nd2 h6 9. Bh4 Nh7 10. Bg3 Bh4 11. Ngf3 Bxg3 12. hxg3 Ng5 13. Nc4 Nxf3+ 14. gxf3
Qc7 15. Rd1 O-O 16. f4 b5 17. Nd2 Bb7 18. c4 Qa5 19. O-O Rfd8 20. Rb1 a6 21. b4
Qb6 22. c5 Qc7 23. e5 a5 24. a3 axb4 25. axb4 Ra4 26. Bd1 Rda8 27. Ne4 Nb8 28.
Qd3 Ra1 29. Bc2 Rxb1 30. Rxb1 g6 31. Nf6+ Kh8 32. Rd1 Na6 33. Qd7 Qxd7 34. Rxd7
Nxb4 35. Rxf7 1-0

[Event "Bad Woerishofen 2017 - Senioren"]
[Site "Bad Woerishofen"]
[Date "2017.03.16"]
[Round "8.27"]
[White "Rahn, Oskar"]
[Black "Dietl, Robert"]
[Result "1/2-1/2"]
[WhiteElo "2088"]
[BlackElo "1893"]
[Annotator "chessorg"]
[PlyCount "86"]
[EventDate "2017.??.??"]
[BlackTeam "SK Koenigsbrunn"]

1. e4 e6 2. d4 d5 3. e5 c5 4. c3 Nc6 5. Nf3 Bd7 6. Be2 Nge7 7. O-O Nf5 8. b3
cxd4 9. cxd4 Qb6 10. Bb2 Be7 11. Qd2 Rc8 12. Rd1 O-O 13. Bd3 Nh4 14. Nxh4 Bxh4
15. Qf4 Qd8 16. Nd2 Nb4 17. Nf3 Be7 18. Be2 Rc2 19. Rd2 Rxd2 20. Qxd2 Qb6 21.
a3 Na6 22. Bd1 Rc8 23. h4 Qd8 24. g3 Nb8 25. Bc2 Bb5 26. Rc1 Rc6 27. Ne1 Qf8
28. b4 Nd7 29. Bb1 Nb6 30. Rxc6 Bxc6 31. Qc2 g6 32. Bc1 Nc4 33. Qb3 Qe8 34. Bc2
a5 35. Nd3 axb4 36. axb4 Bb5 37. Nc5 b6 38. Nd3 Qa8 39. Kg2 h5 40. Bb1 Kg7 41.
Nb2 Qa3 42. Qxa3 Nxa3 43. Bd3 Bxb4 1/2-1/2

[Event "Bad Woerishofen 2017 - Senioren"]
[Site "Bad Woerishofen"]
[Date "2017.03.16"]
[Round "8.28"]
[White "Braeu, Ludwig"]
[Black "Plischke, Berthold"]
[Result "0-1"]
[WhiteElo "1878"]
[BlackElo "1987"]
[Annotator "chessorg"]
[PlyCount "40"]
[EventDate "2017.??.??"]
[WhiteTeam "Markt Oberdorf"]
[BlackTeam "SV Wesel 1928 e.V."]

1. c4 f5 2. g3 Nf6 3. Bg2 e6 4. Nf3 Be7 5. d4 O-O 6. O-O d6 7. Qc2 Qe8 8. Nbd2
Qh5 9. e4 Nc6 10. exf5 e5 11. dxe5 dxe5 12. Re1 Bxf5 13. Qc3 Bb4 14. Qb3 e4 15.
Nh4 Bg4 16. Bxe4 Nxe4 17. Rxe4 Bc5 18. Nf1 Rxf2 19. Be3 Re2 20. Ng2 Bf3 0-1

[Event "Bad Woerishofen 2017 - Senioren"]
[Site "Bad Woerishofen"]
[Date "2017.03.16"]
[Round "8.29"]
[White "Blutharsch, Walter"]
[Black "Streiter, Manfred"]
[Result "0-1"]
[WhiteElo "1869"]
[BlackElo "1977"]
[Annotator "chessorg"]
[PlyCount "140"]
[EventDate "2017.??.??"]
[WhiteTeam "VfL Sindelfingen"]
[BlackTeam "SGem Vaihingen-Rohr"]

1. e4 e6 2. d4 d5 3. Nc3 dxe4 4. Nxe4 Bd7 5. Nf3 Bc6 6. Bd3 Nd7 7. O-O Ngf6 8.
Re1 Bxe4 9. Bxe4 Nxe4 10. Rxe4 Be7 11. Qd3 O-O 12. Bd2 Nf6 13. Re2 c6 14. Rae1
Qb6 15. b3 c5 16. Ng5 Qd8 17. c3 cxd4 18. cxd4 h6 19. Nf3 Qb6 20. Re5 Bd6 21.
Ba5 Qc6 22. R5e2 Rac8 23. Ne5 Qd5 24. Bd2 Bxe5 25. Rxe5 Qd6 26. h3 Rfd8 27. Qg3
Kh7 28. Qd3+ Kh8 29. Qf3 Qe7 30. Rb5 Rd7 31. Bb4 Qd8 32. Rxb7 Rxb7 33. Qxb7 Rb8
34. Qe7 Qxd4 35. Bd6 Qd2 36. Rf1 Re8 37. Qc7 Ne4 38. Bf4 Qxa2 39. Qxf7 Rg8 40.
Qg6 Nf6 41. Be5 Rf8 42. Ra1 Qe2 43. Bd4 a6 44. Ra4 e5 45. Be3 Qd1+ 46. Kh2 Qd6
47. Rh4 Ne8 48. Qg4 Nf6 49. Qg3 Ng8 50. Bd4 Rf5 51. f4 Qxd4 52. Qg6 Rf6 53. Qc2
Rxf4 54. Rh5 Rf1 55. Qc4 Qf4+ 56. Qxf4 exf4 57. Ra5 Rb1 58. Rxa6 Rxb3 59. Ra8
Kh7 60. Rf8 Nf6 61. Kg1 Rb2 62. Rf7 Kg6 63. Rf8 Kg5 64. Rf7 g6 65. Ra7 Kh4 66.
Ra6 g5 67. Kh2 f3 68. Rxf6 Rxg2+ 69. Kh1 Kg3 70. Rf5 Rd2 0-1

[Event "Bad Woerishofen 2017 - Senioren"]
[Site "Bad Woerishofen"]
[Date "2017.03.16"]
[Round "8.30"]
[White "Ilyes, Peter"]
[Black "Mcandrew, Robert"]
[Result "0-1"]
[WhiteElo "1968"]
[BlackElo "1888"]
[Annotator "chessorg"]
[PlyCount "66"]
[EventDate "2017.??.??"]
[BlackTeam "Gambit bonnevoie"]

1. d4 Nf6 2. Nf3 g6 3. Bf4 d6 4. e3 Bg7 5. Be2 Nbd7 6. h3 Nd5 7. Bh2 N7f6 8. c4
Nb6 9. Nc3 Bf5 10. O-O O-O 11. Nd2 Bc8 12. e4 Ne8 13. Nf3 e6 14. Qc2 Nd7 15. b4
b6 16. Rad1 Qe7 17. b5 Bb7 18. Rfe1 f5 19. exf5 gxf5 20. Bf4 Bf6 21. Bh6 Ng7
22. c5 bxc5 23. Bc4 Bxf3 24. gxf3 Qf7 25. Bxg7 Qxg7+ 26. Kh2 Kh8 27. Bxe6 Bxd4
28. Nd5 Ne5 29. Qe2 Qh6 30. Nxc7 Qf4+ 31. Kg2 Rg8+ 32. Kf1 Qh2 33. Qc2 Rg1+ 0-1

[Event "Bad Woerishofen 2017 - Senioren"]
[Site "Bad Woerishofen"]
[Date "2017.03.16"]
[Round "8.31"]
[White "Urban, Rudolf"]
[Black "Leutz, Hans"]
[Result "0-1"]
[WhiteElo "1833"]
[BlackElo "1968"]
[Annotator "chessorg"]
[PlyCount "100"]
[EventDate "2017.??.??"]
[WhiteTeam "Roter Turm Altstadt Muenchen"]

1. d4 d5 2. c4 e6 3. Nc3 Nf6 4. Bg5 Nbd7 5. e3 c6 6. Nf3 Qa5 7. Bxf6 Nxf6 8.
Nd2 Bb4 9. Qc2 O-O 10. Bd3 Be7 11. c5 Qc7 12. Nf3 b6 13. cxb6 axb6 14. O-O Ba6
15. Ne5 Bxd3 16. Qxd3 c5 17. f4 c4 18. Qe2 Ra5 19. a4 Rfa8 20. Nb5 Qb7 21. Qc2
Ne8 22. f5 exf5 23. Qxf5 Nf6 24. Qc2 Rf8 25. Qf5 Qc8 26. Qc2 Nd7 27. Nf3 Qc6
28. h3 Qh6 29. Rae1 f5 30. Nc3 Bb4 31. Re2 Bxc3 32. bxc3 Qc6 33. Ne5 Nxe5 34.
dxe5 Qxa4 35. Qxa4 Rxa4 36. Rb2 Ra3 37. Rc1 Rb8 38. Rd2 Ra5 39. Rcd1 Rd8 40. g4
fxg4 41. hxg4 Kf7 42. e4 Ke6 43. Rb2 Rb8 44. Rd4 dxe4 45. Rxc4 Rxe5 46. Rc6+
Kf7 47. Rc7+ Kg6 48. Kg2 e3 49. Kf3 Rf8+ 50. Kg3 e2 0-1

[Event "Bad Woerishofen 2017 - Senioren"]
[Site "Bad Woerishofen"]
[Date "2017.03.16"]
[Round "8.32"]
[White "Weber, Gerhard"]
[Black "Trebbin, Wolfhard"]
[Result "0-1"]
[WhiteElo "1773"]
[BlackElo "1960"]
[PlyCount "94"]
[EventDate "2017.??.??"]
[WhiteTeam "SC Bayer Leverkusen e.V."]
[BlackTeam "SG Lasker Steglitz-Wilmersdorf"]

1. e4 c5 2. Nf3 e6 3. d4 cxd4 4. Nxd4 a6 5. c4 Qc7 6. Nc3 Nf6 7. Bd3 Nc6 8.
Nxc6 dxc6 9. O-O e5 10. Kh1 Be6 11. Qe2 Bc5 12. Be3 Nd7 13. Bxc5 Nxc5 14. Rfd1
O-O 15. b3 Rad8 16. Bc2 Rd4 17. Qe3 Rfd8 18. Ne2 Rxd1+ 19. Rxd1 Rxd1+ 20. Bxd1
Qd6 21. Bc2 a5 22. f4 f6 23. f5 Bf7 24. g4 h6 25. h4 Nd7 26. Kg2 a4 27. Qd3
Qxd3 28. Bxd3 axb3 29. axb3 Nc5 30. Bc2 Kf8 31. h5 Ke7 32. Kf3 Na6 33. Ke3 Kd6
34. Nc1 Nb4 35. Kd2 Kc5 36. Bb1 b5 37. cxb5 cxb5 38. Kc3 Be8 39. Bd3 Bc6 40.
Bb1 Bb7 41. Ne2 Ba8 42. Nc1 Bb7 43. Ne2 Nc6 44. Bc2 b4+ 45. Kd3 Ba6+ 46. Ke3
Bxe2 47. Kxe2 Nd4+ 0-1

[Event "Bad Woerishofen 2017 - Senioren"]
[Site "Bad Woerishofen"]
[Date "2017.03.16"]
[Round "8.33"]
[White "Wenske, Hardy"]
[Black "Krotofil, Kurt"]
[Result "1/2-1/2"]
[WhiteElo "1814"]
[BlackElo "1943"]
[Annotator "chessorg"]
[PlyCount "37"]
[EventDate "2017.??.??"]
[WhiteTeam "Kieler SG von 1884"]
[BlackTeam "Niendorfer TSV 1919 SAbt"]

1. Nf3 d5 2. d4 Nf6 3. e3 e6 4. Bd3 Bd6 5. Nbd2 Nbd7 6. O-O O-O 7. Re1 e5 8.
dxe5 Nxe5 9. Nxe5 Bxe5 10. h3 Be6 11. Nf3 Bd6 12. Ng5 Bd7 13. e4 dxe4 14. Nxe4
Be5 15. Nc5 Re8 16. Nxd7 Qxd7 17. Rb1 Qe6 18. Bf4 Qd5 19. Bxe5 1/2-1/2

[Event "Bad Woerishofen 2017 - Senioren"]
[Site "Bad Woerishofen"]
[Date "2017.03.16"]
[Round "8.34"]
[White "Sand, Rosemarie"]
[Black "Koenigl, Anton"]
[Result "1/2-1/2"]
[WhiteElo "1719"]
[BlackElo "1922"]
[Annotator "chessorg"]
[PlyCount "42"]
[EventDate "2017.??.??"]
[WhiteTeam "Pfullingen"]
[BlackTeam "FC Ergolding 1932 e.V."]

1. d4 g6 2. c4 c5 3. e3 Nf6 4. Nf3 d6 5. Be2 Bg7 6. O-O cxd4 7. exd4 O-O 8. Nc3
Nc6 9. h3 Re8 10. Be3 Bd7 11. Qd2 Rc8 12. Rac1 b6 13. d5 Na5 14. b3 Bf5 15. Nd4
Bd7 16. Rfd1 Qc7 17. Bf3 Qb8 18. Ne4 Nxe4 19. Bxe4 Nb7 20. Bf3 Rc7 21. Re1 Nc5
1/2-1/2

[Event "Bad Woerishofen 2017 - Senioren"]
[Site "Bad Woerishofen"]
[Date "2017.03.16"]
[Round "8.35"]
[White "Schirmer, Werner"]
[Black "Reichwald, Klaus"]
[Result "1-0"]
[WhiteElo "1918"]
[BlackElo "1834"]
[Annotator "chessorg"]
[PlyCount "57"]
[EventDate "2017.??.??"]
[WhiteTeam "Hamburger SK von 1830 eV"]
[BlackTeam "SC Lohhof 1950 e.V."]

1. e4 c5 2. Nf3 Nc6 3. d4 cxd4 4. Nxd4 d6 5. Nc3 g6 6. Be3 Bg7 7. Bc4 Nf6 8. h3
O-O 9. Bb3 Nxd4 10. Bxd4 Nh5 11. Bxg7 Nxg7 12. O-O Be6 13. Nd5 Rb8 14. Qd4 b6
15. Rad1 Bd7 16. Rfe1 Ne6 17. Qe3 Nc5 18. e5 Nxb3 19. exd6 e6 20. Ne7+ Kg7 21.
axb3 Qe8 22. Qd4+ f6 23. Nd5 e5 24. Qe3 Qf7 25. Nc7 Rfd8 26. f4 exf4 27. Qxf4
Re8 28. Nxe8+ Rxe8 29. Qc4 1-0

[Event "Bad Woerishofen 2017 - Senioren"]
[Site "Bad Woerishofen"]
[Date "2017.03.16"]
[Round "8.36"]
[White "Di Lazzaro, Gabriele"]
[Black "Bjorgvik, Jan Arne"]
[Result "0-1"]
[WhiteElo "1914"]
[BlackElo "1779"]
[Annotator "chessorg"]
[PlyCount "84"]
[EventDate "2017.??.??"]

1. d4 d5 2. Nc3 e6 3. e4 Bb4 4. Bd3 dxe4 5. Bxe4 Bxc3+ 6. bxc3 h6 7. Nf3 Nf6 8.
Bd3 O-O 9. O-O Re8 10. Bd2 b6 11. Re1 Bb7 12. c4 Nbd7 13. c3 c5 14. Be3 Qc7 15.
Bc2 Rad8 16. Nd2 Qd6 17. f3 Rc8 18. Qe2 Ba6 19. Bd3 Red8 20. Rad1 cxd4 21. cxd4
Nb8 22. Ne4 Nxe4 23. fxe4 Qb4 24. Rc1 Nc6 25. Qf2 Ne5 26. Be2 Nxc4 27. Bf4 b5
28. Bh5 Qe7 29. e5 Nb6 30. Rcd1 Nd5 31. Bc1 b4 32. Bd2 Rc2 33. Ra1 Rdc8 34. Bd1
Rb2 35. Bb3 Qd7 36. Rad1 Bd3 37. Qg3 Bg6 38. Bc1 Rb1 39. Qf2 Nc3 40. Rd2 Ne4
41. Qe2 Rbxc1 42. Rdd1 Nc3 0-1

[Event "Bad Woerishofen 2017 - Senioren"]
[Site "Bad Woerishofen"]
[Date "2017.03.16"]
[Round "8.37"]
[White "Kelemen, Norbert"]
[Black "Klett, Thomas"]
[Result "0-1"]
[WhiteElo "1630"]
[BlackElo "1896"]
[Annotator "chessorg"]
[PlyCount "30"]
[EventDate "2017.??.??"]
[WhiteTeam "SC Weiße Dame Ulm e.V."]
[BlackTeam "SV Urach"]

1. c4 Nf6 2. g3 d5 3. Bg2 e5 4. cxd5 Nxd5 5. Nc3 Nb6 6. Nf3 Nc6 7. a3 Be7 8.
O-O Be6 9. b4 O-O 10. b5 Nd4 11. Nxe5 Bb3 12. Qxb3 Nxb3 13. Bxb7 Nxa1 14. Nc6
Qd7 15. Bxa8 Rxa8 0-1

[Event "Bad Woerishofen 2017 - Senioren"]
[Site "Bad Woerishofen"]
[Date "2017.03.16"]
[Round "8.38"]
[White "Schmidt, Ruediger"]
[Black "Auterhoff, Juergen"]
[Result "1/2-1/2"]
[WhiteElo "2001"]
[BlackElo "1749"]
[Annotator "chessorg"]
[PlyCount "44"]
[EventDate "2017.??.??"]
[BlackTeam "SC Pasing von 1948 e.V."]

1. c4 e5 2. Nc3 Nf6 3. Nf3 Nc6 4. d4 exd4 5. Nxd4 Nxd4 6. Qxd4 Be7 7. g3 O-O 8.
Bg2 c5 9. Qd3 a6 10. O-O d6 11. Rd1 Qc7 12. h3 Be6 13. a4 Rad8 14. e4 h6 15. b3
Rfe8 16. f4 Bd7 17. Bb2 Bc6 18. Re1 Qb6 19. Qc2 Nd7 20. Rad1 Qc7 21. Nd5 Bxd5
22. Rxd5 Bf6 1/2-1/2

[Event "Bad Woerishofen 2017 - Senioren"]
[Site "Bad Woerishofen"]
[Date "2017.03.16"]
[Round "8.39"]
[White "Collins, Alan"]
[Black "Castellano, Alfonso"]
[Result "0-1"]
[WhiteElo "1717"]
[BlackElo "1916"]
[Annotator "chessorg"]
[PlyCount "30"]
[EventDate "2017.??.??"]
[WhiteTeam "Cowley"]

1. c4 Nf6 2. Nc3 e5 3. Nf3 Nc6 4. d3 d5 5. cxd5 Nxd5 6. g3 Be7 7. Bg2 Be6 8.
O-O O-O 9. a3 a5 10. Nxd5 Bxd5 11. Bd2 f5 12. e4 fxe4 13. dxe4 Bxe4 14. Nxe5
Bxg2 15. Nxc6 Bxc6 0-1

[Event "Bad Woerishofen 2017 - Senioren"]
[Site "Bad Woerishofen"]
[Date "2017.03.16"]
[Round "8.40"]
[White "Goris-Schouwstra, Adry"]
[Black "Trefzer, Erhard"]
[Result "1/2-1/2"]
[WhiteElo "1752"]
[BlackElo "1886"]
[Annotator "chessorg"]
[PlyCount "46"]
[EventDate "2017.??.??"]
[BlackTeam "SV Besigheim"]

1. d4 f5 2. c4 Nf6 3. g3 g6 4. Bg2 Bg7 5. Nf3 d6 6. O-O O-O 7. Nc3 Qe8 8. d5 a5
9. Nb5 Na6 10. Be3 Bd7 11. a4 c6 12. Nc3 Nb4 13. Nd4 Rc8 14. Qd2 Ng4 15. Bf4
Bxd4 16. Qxd4 Nc2 17. Qd2 Nxa1 18. Rxa1 Nf6 19. b3 c5 20. Re1 Qf7 21. h3 Nh5
22. Bh6 Rfe8 23. e4 fxe4 1/2-1/2

[Event "Bad Woerishofen 2017 - Senioren"]
[Site "Bad Woerishofen"]
[Date "2017.03.16"]
[Round "8.41"]
[White "Zappi, Adriano"]
[Black "Stokes, Paul"]
[Result "0-1"]
[WhiteElo "1729"]
[BlackElo "1867"]
[Annotator "chessorg"]
[PlyCount "76"]
[EventDate "2017.??.??"]
[WhiteTeam "Merania"]
[BlackTeam "Battersea"]

1. d4 Nf6 2. Nf3 e6 3. Bf4 c5 4. e3 b6 5. c4 Bb7 6. Be2 Be7 7. h3 O-O 8. O-O d6
9. Nc3 a6 10. Nd2 cxd4 11. exd4 Nc6 12. Be3 d5 13. a3 dxc4 14. Nxc4 b5 15. Ne5
Rc8 16. Bf3 Ba8 17. Nxc6 Bxc6 18. Bxc6 Rxc6 19. Qf3 Rd6 20. Rfd1 Qa8 21. Qe2
Rfd8 22. Rd2 Ne4 23. Nxe4 Qxe4 24. Rad1 Bf6 25. f3 Qb7 26. Kf2 Qd7 27. g3 Rd5
28. f4 Qa7 29. Qf3 Bxd4 30. Ke2 Bxe3 31. Rxd5 exd5 32. Qxe3 Qd7 33. Qd4 Qxh3
34. Kf3 Qh5+ 35. Kg2 Qe2+ 36. Kh3 Rd6 37. g4 Rh6+ 38. Kg3 Qh2+ 0-1

[Event "Bad Woerishofen 2017 - Senioren"]
[Site "Bad Woerishofen"]
[Date "2017.03.16"]
[Round "8.42"]
[White "Klimpel, Siegfried"]
[Black "Rothenhagen, Siegfried"]
[Result "0-1"]
[WhiteElo "1865"]
[BlackElo "1770"]
[Annotator "chessorg"]
[PlyCount "58"]
[EventDate "2017.??.??"]
[WhiteTeam "TSV Kareth - Lappersdorf"]
[BlackTeam "SF Windach"]

1. e4 d5 2. exd5 Qxd5 3. Nc3 Qd8 4. d4 Nf6 5. Bc4 Bg4 6. f3 Bf5 7. g4 Bg6 8.
Nge2 Nc6 9. Nf4 Qxd4 10. Qe2 a6 11. Be3 Qe5 12. O-O-O e6 13. Nxg6 hxg6 14. f4
Qa5 15. g5 Nd7 16. Bd2 Bb4 17. a3 Bxa3 18. bxa3 Qxa3+ 19. Kb1 Qb4+ 20. Ka1 Nd4
21. Qd3 Nxc2+ 22. Qxc2 Qxc4 23. Qb2 Nc5 24. Bc1 Rh3 25. Ne2 Nb3+ 26. Kb1 Nxc1
27. Rxc1 Qe4+ 28. Ka1 Qa4+ 29. Kb1 Rb3 0-1

[Event "Bad Woerishofen 2017 - Senioren"]
[Site "Bad Woerishofen"]
[Date "2017.03.16"]
[Round "8.43"]
[White "Wulf, Adalbert"]
[Black "Fuchs, Joachim"]
[Result "0-1"]
[WhiteElo "1840"]
[BlackElo "1736"]
[Annotator "chessorg"]
[PlyCount "82"]
[EventDate "2017.??.??"]
[WhiteTeam "SV Ennigerloh-Oelde"]
[BlackTeam "SC Starnberg"]

1. d4 d5 2. Nc3 Nf6 3. Bg5 Nbd7 4. Nf3 c6 5. e3 Qa5 6. Nd2 e6 7. a3 Bd6 8. Bxf6
Nxf6 9. f4 Bd7 10. Bd3 Qc7 11. Nf3 c5 12. Nb5 Bxb5 13. Bxb5+ Ke7 14. O-O a6 15.
Be2 Ng4 16. Qd2 cxd4 17. Nxd4 Nf6 18. Bf3 Rhd8 19. g3 Kf8 20. c3 Qb6 21. Rab1
Rac8 22. Kg2 Rd7 23. g4 Qd8 24. g5 Ne4 25. Qe1 e5 26. Bxe4 dxe4 27. fxe5 Qxg5+
28. Kh1 Qxe5 29. Qh4 Kg8 30. Rf5 Qe7 31. Qh3 Rc5 32. Rbf1 Rxf5 33. Nxf5 Qe6 34.
Qg2 g6 35. Nh6+ Kh8 36. Ng4 f5 37. Nf2 Bc5 38. Qg3 Bd6 39. Qg2 Qe7 40. Nh3 Bc5
41. Re1 Qh4 0-1

[Event "Bad Woerishofen 2017 - Senioren"]
[Site "Bad Woerishofen"]
[Date "2017.03.16"]
[Round "8.44"]
[White "Norman, Dinah"]
[Black "Scholz, Herbert"]
[Result "1/2-1/2"]
[WhiteElo "1697"]
[BlackElo "1838"]
[Annotator "chessorg"]
[PlyCount "155"]
[EventDate "2017.??.??"]
[BlackTeam "Post SV Neustadt"]

1. d4 d5 2. Nf3 c5 3. c3 cxd4 4. cxd4 Nc6 5. Nc3 Nf6 6. e3 Bg4 7. Be2 e6 8. O-O
a6 9. Bd2 Bd6 10. a3 Rc8 11. Rc1 Bb8 12. h3 Bxf3 13. Bxf3 h5 14. g3 h4 15. Bg2
hxg3 16. fxg3 Bxg3 17. Qf3 Bb8 18. Ne2 a5 19. Be1 e5 20. Bg3 O-O 21. Bh2 Ne4
22. Rfd1 exd4 23. Bxb8 Rxb8 24. exd4 Qb6 25. b3 Rbc8 26. Qd3 Rfe8 27. Bxe4 dxe4
28. Qe3 Rcd8 29. Kh2 Qc7+ 30. Qg3 Qxg3+ 31. Kxg3 Rd5 32. h4 Red8 33. Kf4 f5 34.
Rc3 Nxd4 35. Rxd4 Rxd4 36. Nxd4 Rxd4 37. Kxf5 e3 38. Rxe3 Rxh4 39. Re8+ Kf7 40.
Rc8 g6+ 41. Kg5 Rh5+ 42. Kg4 Rb5 43. Rc7+ Kf6 44. Rc3 g5 45. Rf3+ Kg6 46. Rd3
Rf5 47. Rd6+ Rf6 48. Rd5 Rf4+ 49. Kg3 b6 50. Rd6+ Rf6 51. Rd5 Kh5 52. Rd1 Rc6
53. Rd3 b5 54. b4 axb4 55. axb4 Rc4 56. Rb3 g4 57. Kh2 Kh4 58. Kg2 Rf4 59. Rb1
g3 60. Rh1+ Kg4 61. Rb1 Rf2+ 62. Kg1 Kh3 63. Rb3 Rc2 64. Rb1 Rc4 65. Kh1 g2+
66. Kg1 Rc3 67. Rd1 Rb3 68. Re1 Rxb4 69. Re3+ Kg4 70. Kxg2 Rb2+ 71. Kf1 Kf4 72.
Re8 b4 73. Ke1 b3 74. Kd1 Kf3 75. Kc1 Rc2+ 76. Kb1 Kf2 77. Re7 Rd2 78. Re8
1/2-1/2

[Event "Bad Woerishofen 2017 - Senioren"]
[Site "Bad Woerishofen"]
[Date "2017.03.16"]
[Round "8.45"]
[White "Traversi, Carlo"]
[Black "Maassen, Hermann"]
[Result "0-1"]
[WhiteElo "1582"]
[BlackElo "1832"]
[Annotator "chessorg"]
[PlyCount "68"]
[EventDate "2017.??.??"]

1. e4 e5 2. Nf3 Nc6 3. d4 exd4 4. Nxd4 Nxd4 5. Qxd4 d6 6. Nc3 Qf6 7. Be3 Qxd4
8. Bxd4 c6 9. O-O-O Be6 10. Bd3 O-O-O 11. Bxa7 Nf6 12. f3 b5 13. a3 Kb7 14. Bd4
Be7 15. e5 dxe5 16. Bxe5 Ra8 17. Kb1 b4 18. axb4 Bxb4 19. Ne4 Nxe4 20. Bxe4
Ba2+ 21. Kc1 Be6 22. b3 f6 23. Bb2 Ra5 24. Rd4 Bc5 25. Ra4 Be3+ 26. Kb1 Rxa4
27. bxa4 Ra8 28. Rd1 Rxa4 29. Bc3 Kc7 30. Rd3 Bf4 31. Bxh7 Bxh2 32. Rd4 Ra8 33.
Bd3 Be5 34. Re4 Bxc3 0-1

[Event "Bad Woerishofen 2017 - Senioren"]
[Site "Bad Woerishofen"]
[Date "2017.03.16"]
[Round "8.46"]
[White "Knischka, Walter"]
[Black "Richter, Stefan"]
[Result "0-1"]
[WhiteElo "1831"]
[BlackElo "1671"]
[Annotator "chessorg"]
[PlyCount "66"]
[EventDate "2017.??.??"]
[WhiteTeam "SK Oberguenzburg"]
[BlackTeam "Elstertal langenberg"]

1. d4 b6 2. c4 e6 3. Nc3 a6 4. Nf3 Bb7 5. e3 Nf6 6. Be2 Be7 7. O-O h5 8. Qd3
Bb4 9. Nd2 d5 10. f3 Bd6 11. e4 e5 12. exd5 exd4 13. Nde4 dxc3 14. Bg5 Nbd7 15.
f4 cxb2 16. Rae1 Kf8 17. Kh1 Be7 18. Ng3 Bc8 19. Bxh5 Nc5 20. Qc2 Qd6 21. Bf3
Bd7 22. Re3 Re8 23. Qxb2 Nxd5 24. Bxd5 Bxg5 25. Rxe8+ Bxe8 26. Nf5 Qf6 27. Qf2
Bxf4 28. h3 Bd6 29. Ne3 Qe5 30. Ng4 Qd4 31. Qf5 f6 32. Re1 g6 33. Qc8 Kg7 0-1

[Event "Bad Woerishofen 2017 - Senioren"]
[Site "Bad Woerishofen"]
[Date "2017.03.16"]
[Round "8.47"]
[White "Grandl, Klaus"]
[Black "Thielemann, Joachim"]
[Result "0-1"]
[WhiteElo "1576"]
[BlackElo "1829"]
[Annotator "chessorg"]
[PlyCount "78"]
[EventDate "2017.??.??"]
[WhiteTeam "Sportfr.Windach e.V.1923"]
[BlackTeam "SV Eutin"]

1. e4 g6 2. d4 Bg7 3. c3 d6 4. Nf3 Nd7 5. Be3 Ngf6 6. Bd3 O-O 7. h3 a6 8. Qc1
c5 9. O-O b5 10. b3 Bb7 11. d5 Rc8 12. Nbd2 b4 13. c4 Re8 14. Rb1 h6 15. Nh2 e6
16. Qd1 exd5 17. cxd5 Ne5 18. Be2 g5 19. f3 Ng6 20. Bc4 Rc7 21. Qc2 Qe7 22.
Rfe1 Nh5 23. Ndf1 Bc8 24. Qf2 Qe5 25. Be2 f5 26. Bd2 f4 27. Ng4 Bxg4 28. hxg4
Ng3 29. Nxg3 fxg3 30. Qf1 a5 31. Bc4 Rf8 32. Qd3 Qf6 33. Be3 Ne5 34. Qe2 Qg6
35. Red1 h5 36. Qe1 hxg4 37. Qxg3 gxf3 38. Qxg5 f2+ 39. Kh1 Qh7+ 0-1

[Event "Bad Woerishofen 2017 - Senioren"]
[Site "Bad Woerishofen"]
[Date "2017.03.16"]
[Round "8.49"]
[White "Buss, Richard"]
[Black "Huhn, Ulrich"]
[Result "0-1"]
[WhiteElo "1575"]
[BlackElo "1808"]
[Annotator "chessorg"]
[PlyCount "108"]
[EventDate "2017.??.??"]
[WhiteTeam "VfR Heisfelde e.V."]
[BlackTeam "SF Siemensstadt"]

1. e4 d5 2. exd5 Nf6 3. Bb5+ Bd7 4. Bc4 Bg4 5. Nf3 Nxd5 6. h3 Bh5 7. d3 e6 8.
g4 Bg6 9. Ne5 Nd7 10. Nxd7 Qxd7 11. Qf3 c6 12. Bb3 a5 13. a4 Bc5 14. Nd2 h5 15.
g5 Qe7 16. Nc4 Bf5 17. Bd2 Qc7 18. O-O-O g6 19. Rde1 b5 20. Ne5 Bd4 21. Nxc6
Bxb2+ 22. Kxb2 O-O 23. Bxd5 exd5 24. axb5 Be6 25. Bxa5 Rxa5 26. Nxa5 Qxa5 27.
Ra1 Qxb5+ 28. Kc1 Rb8 29. Qf6 d4 30. Qxd4 Qxg5+ 31. Qe3 Qg2 32. Kd2 Qc6 33. f4
Qg2+ 34. Qe2 Qc6 35. Rhg1 Rc8 36. c4 Bxh3 37. Qxh5 Be6 38. Qe5 Bh3 39. Qh5 Bg2
40. Qh2 Bf3 41. Rge1 Qf6 42. Rab1 Ra8 43. Ke3 Bh5 44. Qb2 Re8+ 45. Kd2 Qxf4+
46. Kc2 Rxe1 47. Qb8+ Qxb8 48. Rxb8+ Kg7 49. Kc3 g5 50. Rb2 g4 51. Rf2 Kf8 52.
Kd2 Ra1 53. Ke3 Ke7 54. d4 g3 0-1

[Event "Bad Woerishofen 2017 - Senioren"]
[Site "Bad Woerishofen"]
[Date "2017.03.16"]
[Round "8.50"]
[White "Niedermaier, Peter"]
[Black "Schnell, Franz"]
[Result "0-1"]
[WhiteElo "1808"]
[BlackElo "1723"]
[Annotator "chessorg"]
[PlyCount "116"]
[EventDate "2017.??.??"]
[WhiteTeam "SU Ebersberg-Grafing"]
[BlackTeam "SV Trossingen"]

1. e4 d5 2. exd5 Nf6 3. Bb5+ c6 4. dxc6 Nxc6 5. Nf3 a6 6. Be2 e5 7. d3 Bc5 8.
O-O O-O 9. Nc3 h6 10. h3 Be6 11. a3 Qc7 12. Bd2 Rfd8 13. Qc1 Kh7 14. Ne4 Be7
15. Nxf6+ Bxf6 16. Re1 Rac8 17. c3 Na5 18. Qc2 Bb3 19. Qb1 Be6 20. Bd1 Bf5 21.
Bc2 g6 22. c4 Nc6 23. a4 a5 24. Ra3 Be7 25. Rb3 Nd4 26. Nxd4 exd4 27. Rb5 b6
28. Qc1 Bf8 29. Bf4 Qc6 30. Bg3 Bc5 31. Bf4 g5 32. Bd2 Re8 33. Rxe8 Rxe8 34.
Qf1 Bg6 35. Bd1 Qd6 36. Bf3 Bf5 37. Bd1 Bd7 38. b4 axb4 39. Bf3 Bxb5 40. axb5
b3 41. Be4+ Kg7 42. f4 f6 43. fxg5 fxg5 44. Qb1 Bb4 45. Bc1 Qg3 46. Bb2 Qe3+
47. Kh2 Rf8 48. Qa1 Qf4+ 49. Kg1 Qf2+ 50. Kh1 Qf1+ 51. Kh2 Qxa1 52. Bxa1 Bc3
53. Bxc3 dxc3 54. d4 c2 55. Bxc2 bxc2 56. c5 c1=Q 57. c6 Qf4+ 58. Kg1 Qxd4+ 0-1

[Event "Bad Woerishofen 2017 - Senioren"]
[Site "Bad Woerishofen"]
[Date "2017.03.16"]
[Round "8.51"]
[White "Wawrinsky, Ludwig"]
[Black "Hauke, Hans"]
[Result "1-0"]
[WhiteElo "1753"]
[BlackElo "1702"]
[Annotator "chessorg"]
[PlyCount "73"]
[EventDate "2017.??.??"]
[WhiteTeam "1.SK Neuperlach e.V."]

1. e4 d5 2. exd5 Nf6 3. Bc4 Nxd5 4. Nc3 Nxc3 5. Qf3 e6 6. Qxc3 Nd7 7. Nf3 Be7
8. d4 c5 9. Be3 cxd4 10. Bxd4 Bf6 11. O-O-O O-O 12. h4 Bxd4 13. Qxd4 Qf6 14.
Qe3 b6 15. g4 Nc5 16. g5 Qf5 17. Rd4 Bb7 18. Rf4 Bxf3 19. Rxf5 Bxh1 20. Rf4
Rad8 21. f3 Bg2 22. h5 Bh3 23. Rd4 Bf5 24. Rxd8 Rxd8 25. h6 a5 26. Qe5 Kf8 27.
Qxg7+ Ke7 28. Qf6+ Ke8 29. Bb5+ Nd7 30. c3 Bg6 31. Kd2 Rb8 32. Qd4 Rd8 33. Ke3
Ke7 34. Qf4 Rc8 35. Qd4 Rc7 36. f4 Nc5 37. Qf6+ 1-0

[Event "Bad Woerishofen 2017 - Senioren"]
[Site "Bad Woerishofen"]
[Date "2017.03.16"]
[Round "8.52"]
[White "Wraga, Teresa"]
[Black "Erdmann, Wolfgang"]
[Result "1/2-1/2"]
[WhiteElo "1667"]
[BlackElo "1725"]
[Annotator "chessorg"]
[PlyCount "37"]
[EventDate "2017.??.??"]
[WhiteTeam "SG Osnabrueck"]
[BlackTeam "SC Roter Turm Altstadt"]

1. e4 d6 2. Nc3 g6 3. g3 Bg7 4. Bg2 c6 5. Nge2 Nf6 6. O-O O-O 7. h3 e5 8. d3
Be6 9. Kh2 d5 10. exd5 cxd5 11. f4 Nc6 12. fxe5 Nxe5 13. Nf4 Qd7 14. Nxe6 fxe6
15. Qe2 Nc6 16. Bg5 Rf7 17. Qd2 Raf8 18. Bh6 a6 19. Bxg7 1/2-1/2